| 000 | 00361nam a22001457a 4500 | ||
|---|---|---|---|
| 020 | _a81-7301-607-0 | ||
| 082 |
_a823 _bPRA/D |
||
| 100 | _aPRAKASH, VED | ||
| 245 |
_aDON'T SAY THAT _bCHARACTER BUILDING STORIES FOR CHILDREN |
||
| 260 |
_aDELHI _bDREAMLAND |
||
| 300 | _a24 | ||
| 520 | _aENGLISH SHORT STORY | ||
| 650 |
_aENGLISH SHORT STORY _zDELHI |
||
| 942 | _cBK | ||
| 999 |
_c5054 _d5054 |
||